Understanding PAKISTAN: Democratic Governance Volume-I (Record no. 330722)

000 -LEADER
fixed length control field nam a22 7a 4500
003 - CONTROL NUMBER IDENTIFIER
control field NUST
005 - DATE AND TIME OF LATEST TRANSACTION
control field 20180119162142.0
008 - FIXED-LENGTH DATA ELEMENTS--GENERAL INFORMATION
fixed length control field 170802b xxu||||| |||| 00| 0 eng d
040 ## - CATALOGING SOURCE
Transcribing agency 0
082 ## - DEWEY DECIMAL CLASSIFICATION NUMBER
Classification number 320.95491
100 ## - MAIN ENTRY--PERSONAL NAME
Relator code SPO
245 ## - TITLE STATEMENT
Title Understanding PAKISTAN: Democratic Governance Volume-I
Remainder of title Social Justice
260 ## - PUBLICATION, DISTRIBUTION, ETC.
Place of publication, distribution, etc. Islamabad
Name of publisher, distributor, etc. SPO National Centre
Date of publication, distribution, etc. 2014
300 ## - PHYSICAL DESCRIPTION
Extent 248p
942 ## - ADDED ENTRY ELEMENTS (KOHA)
Source of classification or shelving scheme
Koha item type Book
Holdings
Withdrawn status Lost status Source of classification or shelving scheme Damaged status Not for loan Collection code Permanent Location Current Location Shelving location Date acquired Total Checkouts Total Renewals Full call number Barcode Checked out Date last seen Date last checked out Price effective from Koha item type
            Central Library (CL) Central Library (CL) General Stacks 08/02/2017 2 3 320.95491 UND S3H-D-290 10/12/2025 09/12/2025 09/12/2025 08/02/2017 Book
© 2023 Central Library, National University of Sciences and Technology. All Rights Reserved.